Mémoire sur les anciennes branches du Nil /

Saved in:

Main Author: Ṭūsūn, ʻUmar, Prince, 1872-1944 (Author)

Format: Book

Language: French

Published: Le Caire : Impr. de l'Institut français d'archéologie orientale, 1922-1923.

Series: Memoires de l'Institut d'Egypte ; 4.
MIE ; 4.

Subjects:

Tags: Add Tag

No Tags, Be the first to tag this record!

Call Number: DT43 .I625 v.4

LEADER 00947nam a2200289I 4500
001 5884
003 OSt
005 20260429063240.0
008 130303m19221923ua b 000 0 fre d
035 |a ocm43489683 
040 |c ARCE Library 
043 |a f-ua--- 
050 4 |a DT43 .I625 v.4 
100 1 |a Ṭūsūn, ʻUmar,  |c Prince,  |d 1872-1944,  |e author  |9 41355 
245 1 0 |a Mémoire sur les anciennes branches du Nil /  |c Omar Toussoun. 
264 1 |a Le Caire :  |b Impr. de l'Institut français d'archéologie orientale,  |c 1922-1923. 
300 |a 2 parts in 1 volume :   |b folded maps ;   |c 28 cm. 
490 1 |a Memoires de l'Institut d'Egypte ;   |v 4. 
490 1 |a MIE ;   |v 4. 
505 0 |a Part 1. Époque ancienne. -- part 2. Époque arabe. 
651 0 |a Nile River  |x History. 
651 0 |a Nile River Delta (Egypt) 
830 0 |a Memoires de l'Institut d'Egypte ;   |v 4. 
830 0 |a MIE ;   |v 4. 
901 |a reviewed 
942 |c BK  |2 lcc 
999 |c 6011  |d 6011